[Event "Baden-chB"]
[Site "Haslach im Kinzigtal"]
[Date "2010.06.05"]
[Round "6"]
[White "Nehlert, Arno"]
[Black "Ehmann, Thilo"]
[Result "1/2-1/2"]
[WhiteElo "1528"]
[BlackElo "1021"]
[PlyCount "49"]
[EventDate "2010.05.31"]
[EventType "tourn"]
[EventRounds "7"]
[EventCountry "GER"]
[SourceTitle "EXT 2011"]
[Source "ChessBase"]
[SourceDate "2010.11.26"]
[SourceVersion "1"]
[SourceVersionDate "2010.11.26"]
[SourceQuality "1"]

1. e4 e5 2. Bc4 Bc5 3. Nf3 Nc6 4. 0-0 Nf6 5. d4 Nxd4 6. Nxe5 0-0 7. Nf3 Nxf3+ 8. Qxf3 d6 9. Bg5 Bd4 10. Nc3 h6 11. Bxf6 Bxf6 12. Rfe1 c6 13. Rad1 Be6 14. Bb3 Bxb3 15. axb3 Be5 16. Qg4 Qc8 17. Qxc8 Rfxc8 18. f4 Bxf4 19. Rd3 Re8 20. g3 Be5 21. Nd1 Re6 22. c3 Rae8 23. Kg2 Bf6 24. Kf3 Kh7 25. Nf2 1/2-1/2

[Event "Baden-ch AT2"]
[Site "Oberwinden"]
[Date "2007.04.10"]
[Round "4"]
[White "Zipfel, Fabian"]
[Black "Nehlert, Arno"]
[Result "0-1"]
[WhiteElo "1428"]
[BlackElo "1620"]
[PlyCount "55"]
[EventDate "2007.04.07"]
[EventType "swiss"]
[EventRounds "9"]
[EventCountry "GER"]
[SourceTitle "CBM 117 Extra"]
[Source "ChessBase"]
[SourceDate "2007.05.09"]
[SourceVersion "1"]
[SourceVersionDate "2007.05.09"]
[SourceQuality "1"]

1. e4 e5 2. Nf3 Nc6 3. Bc4 Be7 4. Nc3 Nf6 5. d3 d6 6. h3 Be6 7. Bxe6 fxe6 8. Ng5 Qd7 9. Be3 d5 10. d4 exd4 11. Bxd4 e5 12. exd5 Nxd4 13. Nf3 Nxf3+ 14. Qxf3 Bb4 15. 0-0-0 0-0 16. Rhe1 e4 17. Qe3 b6 18. Re2 Bxc3 19. Qxc3 Kh8 20. f3 exf3 21. Qxf3 Rae8 22. Rf2 Qd6 23. Qd3 Qe5 24. Qc4 Qe3+ 25. Rfd2 Ne4 26. Qd3 Nxd2 27. Rxd2 Qxd3 28. Rxd3 0-1

[Event "Baden-ch AT2"]
[Site "Oberwinden"]
[Date "2007.04.09"]
[Round "3"]
[White "Nehlert, Arno"]
[Black "Steiert, Roland"]
[Result "0-1"]
[WhiteElo "1620"]
[BlackElo "1708"]
[PlyCount "110"]
[EventDate "2007.04.07"]
[EventType "swiss"]
[EventRounds "9"]
[EventCountry "GER"]
[SourceTitle "CBM 117 Extra"]
[Source "ChessBase"]
[SourceDate "2007.05.09"]
[SourceVersion "1"]
[SourceVersionDate "2007.05.09"]
[SourceQuality "1"]

1. e4 e5 2. Nf3 Nc6 3. Bb5 f5 4. Bxc6 dxc6 5. Nc3 Nf6 6. d3 fxe4 7. dxe4 Bd6 8. h3 0-0 9. 0-0 Qe8 10. Qd3 Kh8 11. Ne2 Be6 12. Ng5 Bg8 13. Ng3 Rd8 14. Qe2 Qg6 15. Bd2 Bc5 16. a3 h6 17. Nf3 Qxg3 18. Bb4 Bb6 19. Ba5 Qf4 20. Bd2 Qxe4 21. Be3 Bd5 22. b3 Nh7 23. c4 Ng5 24. cxd5 Nxh3+ 25. Kh1 Nf4 26. Qc4 Qxc4 27. bxc4 Rf5 28. g4 Rg5 29. Nxg5 hxg5 30. c5 Ba5 31. dxc6 bxc6 32. Bxf4 gxf4 33. Rad1 Rd5 34. Rc1 f3 35. Kh2 Bd2 36. Rc4 g5 37. Rb1 Rd7 38. Ra4 a5 39. Kg1 Kg7 40. Rd1 Rd5 41. Rc4 Kf6 42. Rc2 Bf4 43. Rb1 e4 44. Kf1 Rd7 45. Rc4 Rh7 46. Kg1 e3 47. Rc3 Bh2+ 48. Kf1 Be5 49. Kg1 Bxc3 50. fxe3 Ke5 51. Kf2 Ke4 52. Rc1 Rh2+ 53. Kg1 Be5 54. Rc4+ Kxe3 55. a4 f2+ 0-1